The reality of the resurrection. (Record no. 7612)

000 -LEADER
fixed length control field 00550nam a2200181 a 4500
001 - CONTROL NUMBER
control field :::00005373$&:&@@
003 - CONTROL NUMBER IDENTIFIER
control field OkBaRHE
005 - DATE AND TIME OF LATEST TRANSACTION
control field 20000607103325.0
008 - FIXED-LENGTH DATA ELEMENTS--GENERAL INFORMATION
fixed length control field s1972 j 000 0 eng u
040 ## - CATALOGING SOURCE
Transcribing agency
100 1# - MAIN ENTRY--PERSONAL NAME
Personal name Tenney, Merrill Chapin, 1904-
245 14 - TITLE STATEMENT
Title The reality of the resurrection.
260 ## - PUBLICATION, DISTRIBUTION, ETC. (IMPRINT)
Place of publication, distribution, etc Chicago, IL., :
Name of publisher, distributor, etc Moody Press
Date of publication, distribution, etc c1972
300 ## - PHYSICAL DESCRIPTION
Extent 221 p. ;
Dimensions 22 cm.
650 ## - SUBJECT ADDED ENTRY--TOPICAL TERM
Topical term or geographic name as entry element Jesus Christ
General subdivision Resurrection
942 ## - ADDED ENTRY ELEMENTS (KOHA)
Source of classification or shelving scheme
Koha item type Books
Copies
Damaged status Shelving location Not for loan Date last seen Price effective from Barcode Date acquired Koha item type Permanent Location Source of classification or shelving scheme Full call number Copy number Withdrawn status Lost status
 General Stacks 2010-04-142010-04-1453732010-04-14BooksRHEMA Bible Training College BT 481 .T41